[Event "Commonwealth Championship 3rd"]
[Site "Docklands, London"]
[Date "1985.02.26"]
[Round "11"]
[White "King, Daniel J"]
[Black "Hon, Kah Seng Christie"]
[Result "1-0"]
[WhiteElo "2425"]
[BlackElo "2345"]
[PlyCount "92"]
[EventDate "1985.02.16"]
[EventType "swiss"]
[EventRounds "11"]
[EventCountry "ENG"]
[SourceTitle "BritBase"]
[Source "John Saunders"]
[SourceDate "2022.12.30"]
[SourceVersion "1"]
[SourceVersionDate "2022.12.30"]
[SourceQuality "1"]

1. e4 e5 2. Nf3 Nf6 3. Nxe5 d6 4. Nf3 Nxe4 5. d4 d5 6. Bd3 Be7 7. O-O O-O 8. c4
c6 9. Nc3 Nf6 10. h3 dxc4 11. Bxc4 Nbd7 12. Bb3 Nb6 13. Re1 Bf5 14. g4 Bd7 15.
Ne5 Nfd5 16. f4 Be6 17. Bc2 Re8 18. Qd3 g6 19. Nxg6 hxg6 20. Rxe6 Bf6 21. Rxe8+
Qxe8 22. Ne4 Bg7 23. Bd2 Rd8 24. f5 c5 25. Nxc5 Nb4 26. Bxb4 Bxd4+ 27. Kf1 Bxc5
28. Re1 Qxe1+ 29. Bxe1 Rxd3 30. Bxd3 g5 31. b4 Bd4 32. Be4 Nc4 33. Bxb7 Kf8 34.
Ke2 Ne5 35. b5 Ke7 36. Bb4+ Kd7 37. Bd5 f6 38. a4 Kc7 39. a5 Kd7 40. Be6+ Kd8
41. Bd6 Bg1 42. Bb8 Bd4 43. b6 Nc6 44. Bc7+ Ke7 45. b7 Be5 46. Bxe5 fxe5 1-0

[Event "Commonwealth Championship 3rd"]
[Site "Docklands, London"]
[Date "1985.02.26"]
[Round "11"]
[White "Lalic, Susan Kathryn"]
[Black "Carton, Pat"]
[Result "0-1"]
[WhiteElo "2010"]
[BlackElo "2300"]
[PlyCount "58"]
[EventDate "1985.02.16"]
[EventType "swiss"]
[EventRounds "11"]
[EventCountry "ENG"]
[SourceTitle "BritBase"]
[Source "John Saunders"]
[SourceDate "2022.12.30"]
[SourceVersion "1"]
[SourceVersionDate "2022.12.30"]
[SourceQuality "1"]

1. e4 c5 2. c3 Nf6 3. e5 Nd5 4. d4 cxd4 5. Qxd4 e6 6. Nf3 Nc6 7. Qe4 f5 8. exf6
Nxf6 9. Qc2 Be7 10. Bd3 Qa5 11. O-O Qh5 12. Bf4 O-O 13. Bg3 b6 14. Nbd2 Bb7 15.
Rad1 Nd5 16. Rfe1 Nf4 17. Bf1 Rac8 18. Qa4 g5 19. Nc4 Nb8 20. Qxa7 Nh3+ 21. Kh1
Bxf3 22. gxf3 Rxc4 23. Bxb8 Qxf3+ 24. Bg2 Nxf2+ 25. Kg1 Rg4 26. Bg3 Rxg3 27.
hxg3 Qxg3 28. Qxd7 Ng4 29. Qxe6+ Kh8 0-1

[Event "Commonwealth Championship 3rd"]
[Site "Docklands, London"]
[Date "1985.02.26"]
[Round "11"]
[White "Littlewood, Paul E"]
[Black "Norwood, David"]
[Result "0-1"]
[WhiteElo "2445"]
[BlackElo "2335"]
[PlyCount "86"]
[EventDate "1985.02.16"]
[EventType "swiss"]
[EventRounds "11"]
[EventCountry "ENG"]
[SourceTitle "BritBase"]
[Source "John Saunders"]
[SourceDate "2022.12.30"]
[SourceVersion "1"]
[SourceVersionDate "2022.12.30"]
[SourceQuality "1"]

1. d4 Nf6 2. c4 e6 3. Nc3 c5 4. d5 exd5 5. cxd5 d6 6. e4 g6 7. f4 Bg7 8. Bb5+
Nbd7 9. e5 dxe5 10. fxe5 Nh5 11. e6 Qh4+ 12. g3 Nxg3 13. hxg3 Qxh1 14. Be3 O-O
15. exd7 Bxd7 16. Bxd7 Rae8 17. Bxe8 Rxe8 18. Qe2 Bd4 19. O-O-O Rxe3 20. Qc4 a6
21. a4 Qh6 22. Kb1 Qh5 23. Rf1 Bxc3 24. bxc3 Qe5 25. Kb2 b5 26. axb5 axb5 27.
Qxc5 b4 28. Qxb4 Rxg3 29. d6 Rg2+ 30. Ka3 Qd5 31. Ra1 Rc2 32. Nh3 Qd2 33. Ka4
Rxc3 34. Ra3 Qd1+ 35. Ka5 Qd5+ 36. Kb6 Qc6+ 37. Ka7 Qd7+ 38. Kb6 Rc6+ 39. Ka5
Qa7+ 40. Kb5 Qb7+ 41. Ka4 Ra6+ 42. Kb3 Rb6 43. Ra8+ Kg7 0-1

[Event "Commonwealth Championship 3rd"]
[Site "Docklands, London"]
[Date "1985.02.26"]
[Round "11"]
[White "Martin, Andrew D"]
[Black "Chandler, Murray G"]
[Result "0-1"]
[WhiteElo "2425"]
[BlackElo "2585"]
[PlyCount "116"]
[EventDate "1985.02.16"]
[EventType "swiss"]
[EventRounds "11"]
[EventCountry "ENG"]
[SourceTitle "BritBase"]
[Source "John Saunders"]
[SourceDate "2022.12.30"]
[SourceVersion "1"]
[SourceVersionDate "2022.12.30"]
[SourceQuality "1"]

1. b3 Nf6 2. Bb2 d5 3. e3 c5 4. Nf3 Nc6 5. Bb5 Bd7 6. O-O e6 7. d3 Be7 8. Nbd2
O-O 9. Bxc6 Bxc6 10. Ne5 Rc8 11. Qe2 Be8 12. f4 Nd7 13. Nxd7 Qxd7 14. e4 f6 15.
Rae1 Bf7 16. exd5 Qxd5 17. a4 Rfe8 18. Nc4 b6 19. Qg4 Rc6 20. Ne5 Rcc8 21. Nxf7
Kxf7 22. f5 Bf8 23. Re3 e5 24. Re4 Kg8 25. Bc1 a6 26. Qe2 b5 27. axb5 axb5 28.
c4 bxc4 29. bxc4 Qd7 30. Rh4 Rcd8 31. Rh3 e4 32. dxe4 Qd4+ 33. Kh1 Rxe4 34. Re3
Rde8 35. Re1 R4e5 36. h3 Bd6 37. Rxe5 Rxe5 38. Qf1 Rxe1 39. Qxe1 Qxc4 40. Bb2
Kf7 41. Qa1 Qd5 42. Qf1 c4 43. Bc3 Be5 44. Bxe5 fxe5 45. Qe2 Kf6 46. Qh5 e4 47.
Qxh7 Qxf5 48. Qg8 c3 49. g4 Qe5 50. g5+ Kxg5 51. h4+ Kg4 52. Qa2 e3 53. Qe2+
Kxh4 54. Qe1+ Kh5 55. Qe2+ Kh6 56. Qa6+ g6 57. Qc8 e2 58. Kg2 e1=Q 0-1

[Event "Commonwealth Championship 3rd"]
[Site "Docklands, London"]
[Date "1985.02.26"]
[Round "11"]
[White "Orr, Mark JL"]
[Black "Bellin, Robert"]
[Result "1/2-1/2"]
[WhiteElo "2325"]
[BlackElo "2390"]
[PlyCount "79"]
[EventDate "1985.02.16"]
[EventType "swiss"]
[EventRounds "11"]
[EventCountry "ENG"]
[SourceTitle "BritBase"]
[Source "John Saunders"]
[SourceDate "2022.12.30"]
[SourceVersion "1"]
[SourceVersionDate "2022.12.30"]
[SourceQuality "1"]

1. d4 e6 2. g3 c5 3. Nf3 b6 4. Bg2 Bb7 5. O-O Nf6 6. c4 cxd4 7. Qxd4 Nc6 8. Qd1
a6 9. Nc3 Bb4 10. Qd3 O-O 11. Rd1 h6 12. Bf4 Rc8 13. Rac1 Na5 14. b3 d5 15.
cxd5 Ba3 16. Rb1 Bb4 17. Bd2 exd5 18. Nd4 Re8 19. e3 Nc6 20. Nxc6 Bxc6 21. Qxa6
d4 22. Bxc6 Rxc6 23. Ne2 Bxd2 24. Rxd2 Ne4 25. Rxd4 Qf6 26. Rxe4 Rxe4 27. Qa8+
Kh7 28. Nd4 Rxd4 29. exd4 Qg6 30. Re1 Rc2 31. a4 Rc3 32. b4 Rc4 33. b5 Rxd4 34.
a5 bxa5 35. Qxa5 Qf5 36. Qc3 Rd5 37. b6 Rb5 38. Qc6 Rb2 39. Rf1 Qg6 40. Qxg6+
1/2-1/2

[Event "Commonwealth Championship 3rd"]
[Site "Docklands, London"]
[Date "1985.02.26"]
[Round "11"]
[White "Short, Nigel D"]
[Black "Speelman, Jonathan S"]
[Result "1/2-1/2"]
[WhiteElo "2535"]
[BlackElo "2530"]
[PlyCount "24"]
[EventDate "1985.02.16"]
[EventType "swiss"]
[EventRounds "11"]
[EventCountry "ENG"]
[SourceTitle "BritBase"]
[Source "John Saunders"]
[SourceDate "2022.12.30"]
[SourceVersion "1"]
[SourceVersionDate "2022.12.30"]
[SourceQuality "1"]

1. e4 c6 2. d4 d5 3. Nd2 dxe4 4. Nxe4 Nd7 5. Bc4 Ngf6 6. Nxf6+ Nxf6 7. c3 Qc7
8. Nf3 Bf5 9. O-O e6 10. Re1 Bd6 11. Qe2 O-O 12. h3 h6 1/2-1/2

[Event "Commonwealth Championship 3rd"]
[Site "Docklands, London"]
[Date "1985.02.26"]
[Round "11"]
[White "Thipsay, Praveen Mahadeo"]
[Black "Nunn, John DM"]
[Result "1-0"]
[WhiteElo "2470"]
[BlackElo "2615"]
[PlyCount "81"]
[EventDate "1985.02.16"]
[EventType "swiss"]
[EventRounds "11"]
[EventCountry "ENG"]
[SourceTitle "BritBase"]
[Source "John Saunders"]
[SourceDate "2022.12.30"]
[SourceVersion "1"]
[SourceVersionDate "2022.12.30"]
[SourceQuality "1"]

1. e4 c5 2. Nf3 d6 3. d4 Nf6 4. Nc3 cxd4 5. Nxd4 a6 6. a4 Nc6 7. Be2 e6 8. O-O
Be7 9. Be3 O-O 10. f4 Qc7 11. Qe1 Nxd4 12. Bxd4 e5 13. fxe5 dxe5 14. Qg3 Bc5
15. Bxc5 Qxc5+ 16. Kh1 Kh8 17. Qh4 Ng8 18. Bd3 Ne7 19. Rad1 Qb4 20. Na2 Qc5 21.
Nc3 Be6 22. Nd5 Bxd5 23. exd5 f5 24. b4 Qd6 25. Qe1 e4 26. Be2 Rad8 27. c4 Qh6
28. Qd2 f4 29. d6 e3 30. Qd4 Nc6 31. Qd5 Nxb4 32. Qxb7 Rb8 33. Qe4 Rbe8 34. Qf3
Na2 35. c5 Nc3 36. c6 Rd8 37. c7 Rxd6 38. Rxd6 Qxd6 39. Qxf4 Qf6 40. Qxf6 gxf6
41. Bxa6 1-0